| 000 | 00566nmm a2200181Ia 4500 | ||
|---|---|---|---|
| 008 | 251105s9999||||xx |||||||||||||||||und|| | ||
| 020 | _a9788490000526 | ||
| 041 | _aspa | ||
| 100 | _aLabrecque, Jennifer | ||
| 245 | 0 | _aUn corazón en la línea de fuego/Pasión a primera vista | |
| 264 |
_a[Madrid, España] : _bHarlequin, _c[Fecha de publicación no identificada] |
||
| 300 | _a0 páginas | ||
| 650 | _aErotic novel | ||
| 700 | _aLabrecque, Jennifer | ||
| 700 | 1 | _a Schuler, Candace | |
| 856 | _uhttps://public.digitaliapublishing.com/a/96066 | ||
| 942 | _cCF | ||
| 999 |
_c67579 _d67579 |
||